Elektronické obchodovanie
Prelomovým momentom vo vývoji bankovníctva sa stalo zavedenie elektronického bankovníctva, ktorého vývoj ide smerom k rozširovaniu elektronického obchodovania a elektronických peňazí. Elektronické obchodovanie, formy. Tri roviny realizácie elektronického obchodu.
Enregistré dans:
| Auteur principal: | |
|---|---|
| Format: | Chapitre de livre |
| Langue: | slovaque |
| Sujets: | |
| Tags: |
Pas de tags, Soyez le premier à ajouter un tag!
|
MARC
| LEADER | 00000naa$a2200000$$$4500 | ||
|---|---|---|---|
| 001 | 0092685 | ||
| 005 | 20240502072032.2 | ||
| 041 | 0 | |a slo | |
| 044 | |a SK | ||
| 245 | 1 | 0 | |a Elektronické obchodovanie |c Mária Klimiková |
| 520 | |a Prelomovým momentom vo vývoji bankovníctva sa stalo zavedenie elektronického bankovníctva, ktorého vývoj ide smerom k rozširovaniu elektronického obchodovania a elektronických peňazí. Elektronické obchodovanie, formy. Tri roviny realizácie elektronického obchodu. | ||
| 610 | 2 | 0 | |a obchod elektronický |
| 610 | 2 | 0 | |a peniaze elektronické |
| 100 | 1 | |a Klimiková, Mária | |